000 00473pab a2200169 454500
008 180718b2001 xxu||||| |||| 00| 0 eng d
100 _aGlyn, Andrew
245 _aEconomic policy under the new labour: how social democratic is the Blair government
260 _c2001
300 _ap.50-66
362 _aJan-Mar
650 _aGreat Britain - Economic policy
650 _aEconomic policy
700 _aWood, Stewart
773 _aPolitical Quarterly
909 _a48292
999 _c48292
_d48292